[Event "Stary Smokovec"]
[Site "Stary Smokovec"]
[Date "1972.??.??"]
[Round "9"]
[White "Fichtl, Jiri"]
[Black "Plachetka, Jan"]
[Result "1/2-1/2"]
[WhiteElo "2385"]
[BlackElo "2370"]
[PlyCount "81"]
[EventDate "1972.??.??"]
[Source "ChessBase"]

1. e4 e5 2. Nf3 Nc6 3. Bb5 a6 4. Ba4 d6 5. c4 Bg4 6. h3 Bxf3 7. Qxf3 Nf6 8. d3 Be7 9. Nc3 O-O 10. Bxc6 bxc6 11. Be3 Rb8 12. b3 d5 13. Bd2 dxc4 14. dxc4 Nd7 15. Rd1 Nc5 16. Be3 Qc8 17. O-O Ne6 18. Qg3 f6 19. Rd3 Bd6 20. Na4 c5 21. f3 Nd4 22. Qf2 f5 23. Bxd4 exd4 24. e5 Bxe5 25. Nxc5 Bd6 26. Qxd4 Rd8 27. Qf2 Re8 28. Rfd1 Re5 29. Na4 Qe6 30. c5 Re2 31. cxd6 Rxf2 32. dxc7 Rxg2+ 33. Kxg2 Qe2+ 34. Kh1 Rc8 35. Nc3 Qf2 36. Nd5 Kf7 37. Rc3 Qe2 38. Rdc1 Qb5 39. Rc5 Qd3 40. Kg2 Qe2+ 41. Kg1 1/2-1/2

[Event "BL2-Sued 0102"]
[Site "Germany"]
[Date "2001.11.25"]
[Round "3.1"]
[White "Gheng, Josef"]
[Black "Renner, Christoph"]
[Result "1-0"]
[WhiteElo "2319"]
[BlackElo "2431"]
[PlyCount "79"]
[EventDate "2001.10.07"]
[Source "ChessBase"]
[SourceDate "2002.07.08"]

1. e4 e5 2. Nf3 Nc6 3. Bb5 a6 4. Ba4 d6 5. c4 Bg4 6. h3 Bxf3 7. Qxf3 Nf6 8. Nc3 Nd7 9. O-O Be7 10. d3 Nc5 11. Bxc6+ bxc6 12. Qg3 Ne6 13. f4 Bh4 14. Qg4 exf4 15. Bxf4 O-O 16. Be3 Rb8 17. b3 Bf6 18. Rac1 Be5 19. Ne2 c5 20. Bd2 a5 21. Nc3 Nd4 22. Bg5 Qc8 23. Qd1 c6 24. g4 h5 25. Kg2 hxg4 26. hxg4 Re8 27. Rh1 Qe6 28. Rh4 f6 29. Bd2 g5 30. Rh6 Kg7 31. Bxg5 Rh8 32. Rxh8 Rxh8 33. Be3 Rh2+ 34. Kg1 Ne2+ 35. Qxe2 Rxe2 36. Nxe2 Qxg4+ 37. Kf2 Qh4+ 38. Kf3 Qh3+ 39. Kf2 Qh2+ 40. Kf3 1-0

[Event "Petroff mem op"]
[Site "St Petersburg"]
[Date "2000.02.07"]
[Round "1"]
[White "Lukashok, Alexandr"]
[Black "Yandemirov, Valeri"]
[Result "0-1"]
[WhiteElo "2276"]
[BlackElo "2472"]
[PlyCount "86"]
[EventDate "2000.02.05"]
[Source "www.chesslib.no"]
[SourceDate "2004.05.04"]

1. e4 e5 2. Nf3 Nc6 3. Bb5 a6 4. Ba4 d6 5. c4 Bg4 6. h3 Bxf3 7. Qxf3 Nf6 8. Nc3 Nd7 9. d3 Nc5 10. O-O Be7 11. Qd1 O-O 12. Bxc6 bxc6 13. b4 Ne6 14. Qa4 Qd7 15. Nd5 Bh4 16. Be3 f5 17. f3 f4 18. Bf2 Bxf2+ 19. Rxf2 Nd4 20. Rc1 a5 21. bxa5 Rfb8 22. Nb4 Qe8 23. a6 Ne6 24. a3 c5 25. Qxe8+ Rxe8 26. Ra2 cxb4 27. axb4 Reb8 28. b5 Kf7 29. Ra5 Ke7 30. Kf2 Kd7 31. Rb1 Rb6 32. a7 Nc5 33. Ke2 Rb7 34. g3 Raxa7 35. Rxa7 Rxa7 36. gxf4 exf4 37. d4 Ra2+ 38. Kf1 Ne6 39. Rd1 Ng5 40. c5 Nxf3 41. c6+ Kd8 42. Rc1 Nd2+ 43. Kg1 Nxe4 0-1

[Event "Wch Seniors"]
[Site "Bad Woerishofen GER"]
[Date "1991.??.??"]
[Round "7"]
[White "Sarapu, Ortvin"]
[Black "Stoliar, Efim S"]
[Result "1/2-1/2"]
[WhiteElo "2350"]
[BlackElo "2395"]
[PlyCount "26"]
[EventDate "1991.??.??"]
[Source "www.chesslib.no"]
[SourceDate "2004.05.04"]

1. e4 e5 2. Nf3 Nc6 3. Bb5 a6 4. Ba4 d6 5. c4 Nf6 6. Nc3 Bg4 7. h3 Bxf3 8. Bxc6+ bxc6 9. Qxf3 g6 10. d3 Nd7 11. Be3 Bg7 12. O-O Qf6 13. Qxf6 Bxf6 1/2-1/2

[Event "Tournament (juniors)"]
[Site "Yaroslavl"]
[Date "1983.??.??"]
[Round "?"]
[White "Zagrebelny, Sergey"]
[Black "Nadyrhanov, Sergey"]
[Result "1-0"]
[WhiteElo "2270"]
[BlackElo "2460"]
[PlyCount "75"]
[EventDate "1983.??.??"]
[Source "www.chesslib.no"]
[SourceDate "2004.05.04"]

1. e4 e5 2. Nf3 Nc6 3. Bb5 a6 4. Ba4 d6 5. c4 Bd7 6. d4 exd4 7. Nxd4 g6 8. Nc3 Bg7 9. Nxc6 bxc6 10. O-O Ne7 11. c5 Nc8 12. Be3 O-O 13. Rc1 Qe7 14. cxd6 cxd6 15. Bd4 Bh6 16. f4 Na7 17. e5 dxe5 18. Bxe5 Bf5 19. Ne2 Nb5 20. Ng3 Be6 21. Rxc6 Rfd8 22. Qc1 Qd7 23. Rc7 Qd2 24. Qxd2 Rxd2 25. Ne4 Rxb2 26. Nf6+ Kf8 27. Nxh7+ Kg8 28. Nf6+ Kf8 29. Bxb2 Nxc7 30. g4 Nb5 31. Rf3 Bg7 32. g5 Rc8 33. Bb3 Bxb3 34. Rxb3 Bxf6 35. Bxf6 Rc1+ 36. Kf2 Rc2+ 37. Ke1 Rxa2 38. Rh3 1-0

[Event "Brussels Open"]
[Site "Brussels BEL"]
[Date "1995.??.??"]
[Round "?"]
[White "Bronstein, David I"]
[Black "Geenen, Marc"]
[Result "1/2-1/2"]
[WhiteElo "2435"]
[BlackElo "2295"]
[PlyCount "61"]
[EventDate "1995.04.??"]
[Source "www.chesslib.no"]
[SourceDate "2004.05.04"]

1. e4 e5 2. Nf3 Nc6 3. Bb5 a6 4. Ba4 d6 5. c4 Bg4 6. d3 Nf6 7. Be3 Be7 8. Nbd2 O-O 9. h3 Bxf3 10. Nxf3 Rb8 11. a3 b5 12. cxb5 axb5 13. Bc2 d5 14. b4 d4 15. Bc1 Nd7 16. Nd2 Qe8 17. Nb3 Nd8 18. O-O Ne6 19. Bd2 Bg5 20. Be1 c5 21. Na5 Rc8 22. Bb3 Nb6 23. h4 Bxh4 24. Qg4 Bf6 25. Bxe6 Qxe6 26. Qxe6 fxe6 27. bxc5 Na4 28. Nb3 Be7 29. Rb1 Bxc5 30. Nxc5 Nxc5 31. Bb4 1/2-1/2

[Event "Olomouc Sigma 6th"]
[Site "Olomouc CZE"]
[Date "1973.08.13"]
[Round "4"]
[White "Banas, Jan"]
[Black "Kupka, Slavoj"]
[Result "1-0"]
[WhiteElo "2360"]
[BlackElo "2365"]
[PlyCount "109"]
[EventDate "1973.08.10"]
[Source "www.chesslib.no"]
[SourceDate "2004.05.04"]

1. e4 e5 2. Nf3 Nc6 3. Bb5 a6 4. Ba4 d6 5. c4 Bd7 6. d4 Nf6 7. Nc3 Be7 8. O-O O-O 9. d5 Nb8 10. Bxd7 Nbxd7 11. Nd2 g6 12. Rb1 Nh5 13. g3 Bg5 14. Qe2 Qe8 15. b4 f5 16. f3 Ng7 17. Nb3 Qe7 18. Ba3 h5 19. h3 Nf6 20. c5 Qd7 21. Kg2 h4 22. g4 Ngh5 23. gxh5 Nxh5 24. Qc2 Be3 25. Bc1 Nf4+ 26. Kh1 Bxc1 27. Rbxc1 fxe4 28. Nxe4 Qxh3+ 29. Qh2 Qxh2+ 30. Kxh2 Nxd5 31. cxd6 cxd6 32. Nxd6 Nxb4 33. a3 Nd5 34. Rce1 Rf6 35. Nxb7 Raf8 36. Nd2 Rb6 37. Rxe5 Nf6 38. Na5 Rb2 39. Nac4 Rc2 40. Re6 Kg7 41. Kh3 a5 42. Rb1 Nd5 43. Rd6 Rf5 44. Kxh4 Kh6 45. Kg3 Rg5+ 46. Kf2 Rh5 47. Rb5 Nc3 48. Rxh5+ Kxh5 49. Nxa5 g5 50. Nac4 Ra2 51. Rb6 g4 52. fxg4+ Kxg4 53. Rb3 Na4 54. Ke3 Nc5 55. Rb1 1-0

[Event "Vienna op-B"]
[Site "Vienna"]
[Date "1996.??.??"]
[Round "5"]
[White "Alvir, Aco"]
[Black "Lengyel, Bela"]
[Result "1-0"]
[WhiteElo "2355"]
[BlackElo "2370"]
[PlyCount "133"]
[EventDate "1996.08.??"]
[Source "www.chesslib.no"]
[SourceDate "2004.05.04"]

1. e4 e5 2. Nf3 Nc6 3. Bb5 a6 4. Ba4 d6 5. c4 Bd7 6. d4 exd4 7. Nxd4 g6 8. Nxc6 bxc6 9. O-O Bg7 10. c5 d5 11. exd5 cxd5 12. Qxd5 Bxa4 13. Qe4+ Ne7 14. Qxa4+ Qd7 15. Qc4 O-O 16. Nc3 Qd4 17. Qxd4 Bxd4 18. Be3 Be5 19. Rad1 Rab8 20. Bc1 Nc6 21. Nd5 f5 22. b3 f4 23. Ba3 Rf7 24. Rfe1 Rf5 25. Re4 a5 26. g4 Rf7 27. Kg2 f3+ 28. Kh3 Bg7 29. Bc1 Kh8 30. Ne3 Kg8 31. Nc2 Bf8 32. Be3 Bg7 33. Re6 Rf6 34. Re4 Rf7 35. Rd5 Ra8 36. Kg3 Rc8 37. Re6 Ne7 38. Rd3 c6 39. Ne1 Rcf8 40. Bg5 Nd5 41. Rxf3 Bc3 42. Rxf7 Kxf7 43. Re2 a4 44. bxa4 Ra8 45. Nc2 Rxa4 46. Ne3 Be5+ 47. Kf3 Nc3 48. Rd2 Ne4 49. Rd7+ Kg8 50. Be7 Bxh2 51. g5 Bf4 52. Rd8+ Kf7 53. Kxf4 Nxc5+ 54. Kf3 Kxe7 55. Rh8 Ne4 56. Rxh7+ Ke6 57. Rg7 Nxg5+ 58. Kg2 Kf6 59. Rc7 Ra6 60. Kg3 Ne4+ 61. Kf3 Ng5+ 62. Kg3 Ne4+ 63. Kf3 Nd6 64. Ng4+ Kf5 65. a4 Nc4 66. Rf7+ Kg5 67. Kg3 1-0

[Event "ITA-ch38"]
[Site "Castelvecchio Pascoli"]
[Date "1977.??.??"]
[Round "9"]
[White "Valenti, Giuseppe"]
[Black "Tatai, Stefano"]
[Result "0-1"]
[WhiteElo "2240"]
[BlackElo "2480"]
[PlyCount "60"]
[EventDate "1977.??.??"]
[Source "www.chesslib.no"]
[SourceDate "2004.05.04"]

1. e4 e5 2. Nf3 Nc6 3. Bb5 a6 4. Ba4 d6 5. c4 Nf6 6. d4 Bd7 7. Nc3 Be7 8. O-O O-O 9. d5 Na7 10. Bxd7 Qxd7 11. b4 c6 12. Bg5 h6 13. Bh4 Qd8 14. Bxf6 Bxf6 15. a4 cxd5 16. Nxd5 a5 17. Qb3 Rc8 18. Rfd1 Nc6 19. b5 Nb8 20. Ne3 Qc7 21. Qa3 Rfd8 22. Rd3 Nd7 23. Rad1 Nb6 24. Nd5 Nxd5 25. cxd5 Qc4 26. Qa1 Qc2 27. Ne1 Qc4 28. f3 Bg5 29. Ra3 Bc1 30. Ra2 Be3+ 0-1

[Event "Wch U20"]
[Site "Santiago CHI"]
[Date "1990.??.??"]
[Round "5"]
[White "Pupo, Emilio"]
[Black "Moutousis, Konstantinos"]
[Result "0-1"]
[WhiteElo "2325"]
[BlackElo "2390"]
[PlyCount "46"]
[EventDate "1990.08.??"]
[Source "www.chesslib.no"]
[SourceDate "2004.05.04"]

1. e4 e5 2. Nf3 Nc6 3. Bb5 a6 4. Ba4 d6 5. c4 Bd7 6. d4 g6 7. d5 Nce7 8. Nc3 Nf6 9. Bg5 Bg7 10. h3 O-O 11. Bc2 Nh5 12. g4 Nf4 13. Ne2 b5 14. cxb5 f5 15. gxf5 gxf5 16. Nxf4 exf4 17. Nd4 Qe8 18. Kf1 fxe4 19. Bxe4 Ng6 20. Ne6 Bxe6 21. dxe6 Qxb5+ 22. Qe2 Qxg5 23. Bxa8 Rxa8 0-1

[Event "Ch (1/2 final)"]
[Site "?"]
[Date "2002.??.??"]
[Round "5"]
[White "Maletin Pavel"]
[Black "Grachev Jury"]
[Result "1/2-1/2"]
[WhiteElo "2329"]
[BlackElo "2384"]
[PlyCount "68"]
[EventDate "2002.??.??"]
[Source "www.chesslib.no"]
[SourceDate "2004.05.04"]

1. e4 e5 2. Nf3 Nc6 3. Bb5 a6 4. Ba4 d6 5. c4 Bd7 6. Nc3 g6 7. d4 exd4 8. Nxd4 Bg7 9. Bxc6 bxc6 10. O-O c5 11. Nde2 Ne7 12. Bg5 f6 13. Be3 O-O 14. Qd2 Re8 15. Rad1 Be6 16. b3 Bf7 17. Rfe1 Qc8 18. Nf4 f5 19. Nfd5 Nxd5 20. exd5 Qd7 21. Ne2 Re4 22. Nc3 Re5 23. Bf4 Rxe1+ 24. Rxe1 Re8 25. Nd1 Bf6 26. Rxe8+ Qxe8 27. g3 Qe4 28. h4 Be8 29. Qe3 Qxe3 30. Nxe3 Kg7 31. Bg5 h6 32. Bxf6+ Kxf6 33. f4 g5 34. Kf2 gxh4 1/2-1/2

[Event "Pinamar Masters 1st"]
[Site "Pinamar"]
[Date "2001.03.17"]
[Round "10"]
[White "Hobaica, Juan Pablo"]
[Black "Roselli Mailhe, Bernardo"]
[Result "1/2-1/2"]
[WhiteElo "2306"]
[BlackElo "2400"]
[PlyCount "97"]
[EventDate "2001.03.08"]
[Source "ChessBase"]
[SourceDate "2001.05.17"]

1. e4 e5 2. Nf3 Nc6 3. Bb5 a6 4. Ba4 d6 5. c4 Bg4 6. h3 Bxf3 7. Bxc6+ bxc6 8. Qxf3 c5 9. Nc3 Ne7 10. d3 Nc6 11. Ne2 Be7 12. O-O O-O 13. Be3 Qd7 14. g4 a5 15. Qg3 Rfb8 16. Bc1 Nd8 17. h4 Ne6 18. g5 f6 19. f4 exf4 20. Nxf4 fxg5 21. Nxe6 Qxe6 22. hxg5 Qg6 23. Qg2 a4 24. Rf2 Rf8 25. Bf4 Rf7 26. Raf1 Raf8 27. Bc1 Rxf2 28. Rxf2 Qh5 29. Rxf8+ Bxf8 30. Qc2 Qf3 31. b3 a3 32. Bxa3 Qg3+ 33. Kf1 Qf3+ 34. Kg1 Qg3+ 35. Kf1 Be7 36. Bc1 Bxg5 37. Bxg5 Qxg5 38. a4 Kf7 39. a5 Ke7 40. Qb2 Qf4+ 41. Kg2 Qg4+ 42. Kf2 Qf4+ 43. Kg2 Qg5+ 44. Kf2 Kd7 45. b4 Qh4+ 46. Kg2 Qg4+ 47. Kf2 Qh4+ 48. Kg2 Qg4+ 49. Kf2 1/2-1/2

[Event "Match \"]
[Site "Moscow RUS"]
[Date "1984.??.??"]
[Round "?"]
[White "Fedorov, Vladislav"]
[Black "Dommes Vladimir M"]
[Result "1-0"]
[WhiteElo "2400"]
[BlackElo "2305"]
[PlyCount "67"]
[EventDate "1984.??.??"]
[Source "www.chesslib.no"]
[SourceDate "2004.05.04"]

1. e4 e5 2. Nf3 Nc6 3. Bb5 a6 4. Ba4 d6 5. c4 Nf6 6. Nc3 Bd7 7. d4 Be7 8. O-O exd4 9. Nxd4 Nxd4 10. Bxd7+ Qxd7 11. Qxd4 O-O 12. h3 b5 13. Bg5 Rfe8 14. e5 dxe5 15. Qxd7 Nxd7 16. Bxe7 Rxe7 17. Nd5 Ree8 18. Nxc7 bxc4 19. Rfd1 Nf6 20. Rac1 Kf8 21. Nxa8 Rxa8 22. Rxc4 Ra7 23. Rdc1 Ne8 24. Rc6 Ke7 25. R1c5 Kd7 26. Rb6 f6 27. Ra5 Nc7 28. b4 Ra8 29. b5 Nd5 30. Rbxa6 Rc8 31. Ra7+ Ke6 32. Rxg7 Rc1+ 33. Kh2 Rc2 34. b6 1-0

[Event "NZL Ch"]
[Site "Lincoln"]
[Date "1981.??.??"]
[Round "7"]
[White "Sarapu, Ortvin"]
[Black "Anderson, Bruce R"]
[Result "1-0"]
[WhiteElo "2310"]
[BlackElo "2385"]
[PlyCount "82"]
[EventDate "1981.??.??"]
[Source "www.chesslib.no"]
[SourceDate "2004.05.04"]

1. e4 e5 2. Nf3 Nc6 3. Bb5 a6 4. Ba4 d6 5. c4 Bd7 6. Nc3 g6 7. d4 exd4 8. Nxd4 Bg7 9. Be3 Nf6 10. Nxc6 bxc6 11. O-O O-O 12. Qd2 Re8 13. Bc2 Ng4 14. Bf4 Qb8 15. Bd3 Qb4 16. Rac1 Ne5 17. Be2 Be6 18. b3 a5 19. Rfd1 Nd7 20. Na4 c5 21. Qc2 Ne5 22. Nc3 Qb7 23. Be3 Bd7 24. h3 Rad8 25. Bg5 f6 26. Bh4 Be6 27. Nd5 Bxd5 28. cxd5 Rb8 29. Rb1 Qb4 30. f3 Rf8 31. Be1 Qb6 32. Bf2 Nd7 33. a3 Qb7 34. Qd2 f5 35. exf5 Rxf5 36. Qxa5 Ra8 37. Qb5 Qxb5 38. Bxb5 Nb6 39. a4 Rb8 40. Bc6 Bc3 41. Rd3 Bb4 1-0

[Event "HUN-chT2 9596"]
[Site "HUN"]
[Date "1996.??.??"]
[Round "10"]
[White "Mrva, Martin"]
[Black "Veroci, Zsuzsa"]
[Result "1-0"]
[WhiteElo "2385"]
[BlackElo "2305"]
[PlyCount "59"]
[EventDate "1995.??.??"]
[Source "www.chesslib.no"]
[SourceDate "2004.05.04"]

1. e4 e5 2. Nf3 Nc6 3. Bb5 a6 4. Ba4 d6 5. c4 Bg4 6. d3 Nf6 7. h3 Bxf3 8. Qxf3 Nd7 9. Bxc6 bxc6 10. Nc3 Nc5 11. O-O Be7 12. Ne2 Ne6 13. Be3 c5 14. a3 Bg5 15. b4 O-O 16. Rfb1 Rb8 17. b5 axb5 18. cxb5 Bxe3 19. fxe3 Qg5 20. Nc3 f5 21. exf5 Rxf5 22. Qe4 Qg6 23. Nd5 Rf7 24. Qxg6 hxg6 25. a4 e4 26. dxe4 Ng5 27. a5 Nxe4 28. a6 Nf6 29. Nxc7 Rxc7 30. b6 1-0

[Event "Clichy"]
[Site "Clichy FRA"]
[Date "1994.??.??"]
[Round "1"]
[White "Shirazi, Kamran G"]
[Black "Elbilia, Jacques"]
[Result "1-0"]
[WhiteElo "2395"]
[BlackElo "2290"]
[PlyCount "194"]
[EventDate "1994.??.??"]
[Source "www.chesslib.no"]
[SourceDate "2004.05.04"]

1. e4 e5 2. Nf3 Nc6 3. Bb5 a6 4. Ba4 d6 5. c4 Bd7 6. Nc3 Nge7 7. d4 Nxd4 8. Nxd4 exd4 9. Bxd7+ Qxd7 10. Qxd4 Nc6 11. Qd5 Be7 12. Bf4 O-O 13. O-O Qe6 14. Rfd1 Rae8 15. Rac1 Bf6 16. f3 Bxc3 17. Rxc3 f5 18. exf5 Rxf5 19. Qd2 Qe2 20. Bg3 Qxd2 21. Rxd2 b6 22. a3 a5 23. Kf2 a4 24. Re2 Rxe2+ 25. Kxe2 Kf7 26. Re3 Rf6 27. Kd3 Re6 28. Re4 Rxe4 29. fxe4 Ke6 30. c5 b5 31. cxd6 cxd6 32. Be1 g6 33. Bc3 d5 34. h3 Kd6 35. Bg7 Ke6 36. Ke3 Kd6 37. g4 Ke6 38. exd5+ Kxd5 39. Kf4 Ke6 40. Bc3 Ne7 41. Ke4 Nc6 42. h4 Kd6 43. Kf4 Ke6 44. Kg5 Kf7 45. Kh6 Kg8 46. h5 gxh5 47. gxh5 Nd8 48. Kg5 Kf7 49. Kf5 Nc6 50. Bd2 Nd4+ 51. Ke4 Nb3 52. Bc3 Ke6 53. Bb4 Nc1 54. Kf4 Nd3+ 55. Kg5 Nxb4 56. axb4 Kf7 57. Kh6 Kg8 58. Kg5 Kf7 59. Kf5 Kg7 60. Ke5 Kh6 61. Kd5 Kxh5 62. Kc5 Kg6 63. Kxb5 h5 64. Ka5 h4 65. b5 h3 66. b6 h2 67. b7 h1=Q 68. b8=Q Qa1 69. Qe5 Kf7 70. Kb4 Qd1 71. Qe3 Qc2 72. Ka3 Qd1 73. Kb4 Qc2 74. Qc3 Qd1 75. Ka5 Ke7 76. Qb4+ Kd8 77. Qxa4 Qd5+ 78. Qb5 Qa2+ 79. Kb6 Qe6+ 80. Ka7 Qe7+ 81. Qb7 Qe1 82. Qd5+ Kc7 83. Qc5+ Kd7 84. b4 Qa1+ 85. Kb7 Qh1+ 86. Kb6 Qh6+ 87. Ka7 Qd2 88. b5 Kd8 89. b6 Qd7+ 90. Kb8 Qa4 91. Qd6+ Ke8 92. Kc7 Qa5 93. Qe6+ Kf8 94. Kb8 Kg7 95. Qe7+ Kg6 96. b7 Qb6 97. Qe5 Qb3 1-0

[Event "USA-ch U18"]
[Site "San Francisco"]
[Date "1999.07.27"]
[Round "1"]
[White "Schneider, Dmitry"]
[Black "Martinez, Marcel"]
[Result "1-0"]
[WhiteElo "2358"]
[BlackElo "2327"]
[PlyCount "119"]
[EventDate "1999.07.27"]
[Source "ChessBase"]
[SourceDate "1999.09.14"]

1. e4 e5 2. Nf3 Nc6 3. Bb5 a6 4. Ba4 d6 5. c4 Bg4 6. h3 Bxf3 7. Qxf3 g6 8. Nc3 Bg7 9. Nd5 Nge7 10. d3 O-O 11. Nf6+ Kh8 12. Bg5 Nd4 13. Qg4 h5 14. Qd1 Ne6 15. h4 c6 16. Bb3 Qa5+ 17. Kf1 Qc7 18. g4 Bxf6 19. Bxf6+ Kh7 20. gxh5 Nf4 21. hxg6+ fxg6 22. Bg5 Ng8 23. h5 Nxh5 24. Rxh5+ gxh5 25. Qxh5+ Kg7 26. c5 d5 27. exd5 cxd5 28. Bxd5 Qxc5 29. Bh6+ Nxh6 30. Qxe5+ Rf6 31. Qg5+ Rg6 32. Qe5+ Kf8 33. Qh8+ Ng8 34. Bxg8 Rxg8 35. Qf6+ Ke8 36. Qe6+ Kf8 37. Qf6+ Ke8 38. Re1+ Kd7 39. Qf7+ Kc6 40. Re6+ Kb5 41. Qxb7+ Ka5 42. b4+ Qxb4 43. Re5+ Qb5 44. Rxb5+ axb5 45. d4 Rac8 46. d5 Kb4 47. Qe7+ Kc4 48. d6 Rgd8 49. d7 Ra8 50. Qe6+ Kc5 51. f4 Rf8 52. f5 Rad8 53. Ke2 Rh8 54. f6 Kd4 55. f7 Kc5 56. Ke3 Rhf8 57. Ke4 Rh8 58. Qd5+ Kb6 59. Qd6+ Kb7 60. Kf5 1-0

[Event "AUT Team Ch"]
[Site "Austria"]
[Date "1992.??.??"]
[Round "?"]
[White "Sinowjew, Juri"]
[Black "Rolletschek, Heinrich"]
[Result "1/2-1/2"]
[WhiteElo "2310"]
[BlackElo "2370"]
[PlyCount "61"]
[EventDate "1992.??.??"]
[Source "www.chesslib.no"]
[SourceDate "2004.05.04"]

1. e4 e5 2. Nf3 Nc6 3. Bb5 a6 4. Ba4 d6 5. c4 Bg4 6. Nc3 g6 7. h3 Bxf3 8. Qxf3 Bg7 9. Nd5 Kf8 10. Bxc6 bxc6 11. Nc3 h5 12. d3 Bh6 13. O-O Kg7 14. Qd1 Bxc1 15. Rxc1 g5 16. d4 Qf6 17. dxe5 Qxe5 18. Qd2 Ne7 19. f4 gxf4 20. Rxf4 f6 21. Rcf1 Raf8 22. Qd3 Kf7 23. Rxf6+ Qxf6 24. Rxf6+ Kxf6 25. e5+ Kxe5 26. Qe3+ Kf6 27. Ne4+ Kf7 28. Ng5+ Ke8 29. Ne6 Rf6 30. Nxc7+ Kf7 31. h4 1/2-1/2

[Event "Dortmund-C"]
[Site "Dortmund GER"]
[Date "1989.??.??"]
[Round "?"]
[White "Jovic, Ljubomir"]
[Black "Schuh, Franz"]
[Result "1-0"]
[WhiteElo "2380"]
[BlackElo "2295"]
[PlyCount "129"]
[EventDate "1989.03.??"]
[Source "www.chesslib.no"]
[SourceDate "2004.05.04"]

1. e4 e5 2. Nf3 Nc6 3. Bb5 a6 4. Ba4 d6 5. c4 Nf6 6. d3 g6 7. Nc3 Bg7 8. h3 O-O 9. Be3 Nd7 10. Qd2 Nd4 11. Bd1 Nc5 12. O-O Nce6 13. Nh2 f5 14. exf5 Nxf5 15. Bf3 c6 16. Rab1 Nfd4 17. Bg4 Nf5 18. Bxf5 Rxf5 19. Ne2 b5 20. b3 c5 21. Ng3 Rf7 22. b4 bxc4 23. dxc4 cxb4 24. Qxb4 d5 25. cxd5 Qxd5 26. Qe4 Bb7 27. Qxd5 Bxd5 28. a4 Nd4 29. Rb6 Rc7 30. Ng4 Rc6 31. Rfb1 Rac8 32. Bh6 Bh8 33. Kh2 Nf5 34. Rxc6 Bxc6 35. Rb6 a5 36. Ra6 Nxg3 37. Kxg3 Bxa4 38. Rxa5 Bc2 39. Nxe5 Bxe5+ 40. Rxe5 Bf5 41. Kh4 Bb1 42. Re7 Ba2 43. Rg7+ Kh8 44. Ra7 Bc4 45. Be3 Kg8 46. Kg5 Rf8 47. g4 Re8 48. Bd4 Bf7 49. f4 h5 50. f5 gxf5 51. gxf5 Rd8 52. Be5 Rc8 53. Bd6 Kg7 54. Rd7 Re8 55. Bc5 Rc8 56. Bd4+ Kg8 57. Be5 Ra8 58. Kf6 Rf8 59. Rd2 Ba2+ 60. Kg6 Bb1 61. Bf6 Rc8 62. Rd7 Kf8 63. Rh7 Ba2 64. Bg7+ Ke7 65. Be5+ 1-0

[Event "BL2-W 9596"]
[Site "GER"]
[Date "1996.??.??"]
[Round "?"]
[White "Doncevic, Dario"]
[Black "Schwamberger, Martin"]
[Result "0-1"]
[WhiteElo "2355"]
[BlackElo "2315"]
[PlyCount "68"]
[EventDate "1995.10.??"]
[Source "www.chesslib.no"]
[SourceDate "2004.05.04"]

1. e4 e5 2. Nf3 Nc6 3. Bb5 a6 4. Ba4 d6 5. c4 Bg4 6. Nc3 Nf6 7. h3 Bxf3 8. Qxf3 Be7 9. d3 O-O 10. Bxc6 bxc6 11. O-O h6 12. Ne2 Nd7 13. Qg3 Bh4 14. Qg4 Bg5 15. d4 Qe7 16. d5 c5 17. Ng3 g6 18. Re1 Kh7 19. Be3 a5 20. Rad1 a4 21. Rd3 Rab8 22. Re2 Rb4 23. Rc2 Rfb8 24. Qe2 Bf4 25. Nf1 Qg5 26. g3 Bxe3 27. Nxe3 h5 28. h4 Qh6 29. Kg2 Rf8 30. Ra3 f5 31. exf5 gxf5 32. Nd1 Qg6 33. Qd3 e4 34. Qd2 Ne5 0-1

[Event "Odorheiu Secuiesc"]
[Site "Odorheiu Secuiesc"]
[Date "1992.??.??"]
[Round "?"]
[White "Dodu, Petre"]
[Black "Vaidya, Arun B"]
[Result "1-0"]
[WhiteElo "2330"]
[BlackElo "2335"]
[PlyCount "75"]
[EventDate "1992.??.??"]
[Source "www.chesslib.no"]
[SourceDate "2004.05.04"]

1. e4 e5 2. Nf3 Nc6 3. Bb5 a6 4. Ba4 d6 5. c4 Bd7 6. d4 Qf6 7. Nc3 Nge7 8. dxe5 dxe5 9. Bg5 Qe6 10. Nd5 O-O-O 11. O-O f6 12. Be3 f5 13. Bc2 f4 14. Bc5 Be8 15. Bd3 Bh5 16. Be2 Bxf3 17. Bxf3 h5 18. b4 Nxd5 19. exd5 Qf7 20. Bxf8 Qxf8 21. Rb1 Nd4 22. Be4 g5 23. c5 f3 24. Re1 fxg2 25. c6 b5 26. a4 Nxc6 27. axb5 axb5 28. Ra1 Nd4 29. Qc1 Qxb4 30. Ra8+ Kb7 31. Ra7+ Kxa7 32. Qxc7+ Ka6 33. Ra1+ Qa4 34. Rxa4+ bxa4 35. Bd3+ Nb5 36. Qc6+ Ka7 37. Bxb5 Rdf8 38. Qc7+ 1-0

[Event "CAN-ch"]
[Site "Toronto"]
[Date "1972.??.??"]
[Round "10"]
[White "Zuk, Robert D"]
[Black "Biyiasas, Peter"]
[Result "0-1"]
[WhiteElo "2260"]
[BlackElo "2390"]
[PlyCount "96"]
[EventDate "1972.??.??"]
[Source "ChessBase"]

1. e4 e5 2. Nf3 Nc6 3. Bb5 a6 4. Ba4 d6 5. c4 Bd7 6. d4 Nf6 7. Nc3 Be7 8. d5 Nb8 9. Bc2 O-O 10. O-O Ne8 11. Rb1 Bg4 12. b4 g6 13. h3 Bxf3 14. Qxf3 Ng7 15. Bh6 Nd7 16. Ba4 Nb6 17. Bb3 Nd7 18. Qe3 f5 19. c5 f4 20. Qd3 Nf6 21. c6 b6 22. g4 Nfe8 23. f3 Bg5 24. Bxg7 Kxg7 25. Bc4 Qc8 26. Qe2 Bh4 27. Rb3 a5 28. bxa5 Rxa5 29. Bb5 h5 30. a4 Nf6 31. Nb1 Nh7 32. Nd2 Ng5 33. Kg2 Rh8 34. Rh1 Rh6 35. Rbb1 Ra8 36. Nc4 Qh8 37. Qb2 Kf6 38. Qa3 Qf8 39. a5 bxa5 40. Ba4 Qe7 41. Rb7 Rd8 42. Qc3 hxg4 43. hxg4 Rdh8 44. Qxa5 Bg3 45. Rxh6 Rxh6 46. Rxc7 Rh2+ 47. Kf1 Nxf3 48. Qa7 Qxc7 0-1

[Event "AUT Team Ch"]
[Site "Austria"]
[Date "1991.??.??"]
[Round "?"]
[White "Lenz, Alarich"]
[Black "Rolletschek, Heinrich"]
[Result "0-1"]
[WhiteElo "2245"]
[BlackElo "2400"]
[PlyCount "68"]
[EventDate "1991.??.??"]
[Source "www.chesslib.no"]
[SourceDate "2004.05.04"]

1. e4 e5 2. Nf3 Nc6 3. Bb5 a6 4. Ba4 d6 5. c4 Bd7 6. d4 Nge7 7. Be3 g6 8. Nc3 Bg7 9. d5 Nb8 10. b4 O-O 11. Bxd7 Nxd7 12. O-O h6 13. Ne1 f5 14. f3 Nf6 15. g4 a5 16. Rb1 axb4 17. Rxb4 b6 18. h3 Qd7 19. Rb3 Kh7 20. Nc2 Nfg8 21. Qe2 Bf6 22. Qg2 Bh4 23. Ra1 Nf6 24. Nb5 Ra4 25. Rb4 Rxb4 26. Nxb4 fxe4 27. fxe4 h5 28. Rf1 hxg4 29. hxg4 g5 30. Na6 c6 31. dxc6 Qxc6 32. Nac7 Qxc4 33. Bxb6 Ng6 34. Nxd6 Qc6 0-1

[Event "HUN-chT2 9495"]
[Site "HUN"]
[Date "1995.??.??"]
[Round "?"]
[White "Doery, Jeno"]
[Black "Veroci, Zsuzsa"]
[Result "1/2-1/2"]
[WhiteElo "2340"]
[BlackElo "2305"]
[PlyCount "35"]
[EventDate "1994.??.??"]
[Source "www.chesslib.no"]
[SourceDate "2004.05.04"]

1. e4 e5 2. Nf3 Nc6 3. Bb5 a6 4. Ba4 d6 5. c4 Bg4 6. Nc3 Nf6 7. h3 Bxf3 8. Qxf3 Be7 9. d3 Nd7 10. Bxc6 bxc6 11. Be3 Rb8 12. Rb1 Bg5 13. O-O O-O 14. Ne2 Bxe3 15. Qxe3 c5 16. f4 exf4 17. Nxf4 Qg5 18. Rf3 1/2-1/2

[Event "tt-2"]
[Site "tt-2"]
[Date "1995.??.??"]
[Round "8"]
[White "Doery, Jeno"]
[Black "Veroci, Zsuzsa"]
[Result "1/2-1/2"]
[WhiteElo "2340"]
[BlackElo "2305"]
[PlyCount "35"]
[EventDate "1995.??.??"]
[Source "www.chesslib.no"]
[SourceDate "2004.05.04"]

1. e4 e5 2. Nf3 Nc6 3. Bb5 a6 4. Ba4 d6 5. c4 Bg4 6. Nc3 Nf6 7. h3 Bxf3 8. Qxf3 Kd7 9. d3 g5 10. Bxc6+ bxc6 11. Be3 Rb8 12. Rb1 Qe8 13. O-O Nd5 14. Ne2 Qd8 15. Bc5 Nb4 16. Qf4 Qe8 17. d4 Ke7 18. Qg3 1/2-1/2